Open Data Biblioteca Nacional de Portugal


República Portuguesa: Ministério da Cultura
Biblioteca Nacional de Portugal

Catálogo da BNP: acesso por Identificadores Unívocos
Registos Bibliográficos associados ao registo de autoridade

Etiqueta de registo: 00000nkm 2200025 450
001 2277155
003 http://id.bnportugal.gov.pt/bib/catbnp/2277155
100 ## $a20260306d1988 m y0pory01030103ba
101 0# $apor
102 ## $aPT
200 1# $a1.º Feira Nacional de Artesanato do Barreiro, 16 a 25 de setembro de 1988$bVisual gráfico]$fJunta de Freguesia do Alto Seixalinho e Câmara Municipal do Barreiro
210 #9 $aBarreiro$cJunta de Freguesia do Alto Seixalinho,$d1988
215 ## $a1 cartaz$ccolor.$d68x46 cm
317 ## $aColeção Madeira Luís
710 02 $aFeira Nacional de Artesanato,$d1,$eBarreiro,$f1988$31989602
712 02 $aAlto Seixalinho.$bJunta de Freguesia$31989604
712 01 $aBarreiro.$bCâmara Municipal$33024
801 #0 $aPT$bBN$gRPC
966 ## $lBN$mICONOG$sCT. 23756 A.$x3
971 ## $cCaticonografia7$d20260306
995 ## $aPRR2026

OpendataBNP@bnportugal.pt | Mais informação sobre acesso aos dados BNP